Gerard Mercator's map of the world 1569 (Record no. 116832)
[ view plain ]
| 000 -LEADER | |
|---|---|
| fixed length control field | 01263cem a22002295a 4500 |
| 001 - CONTROL NUMBER | |
| control field | L140319 |
| 008 - FIXED-LENGTH DATA ELEMENTS--GENERAL INFORMATION | |
| fixed length control field | 070918s1961 xxk e 0 f eng u |
| 035 ## - SYSTEM CONTROL NUMBER | |
| System control number | (Sirsi) u140319 |
| 041 4# - LANGUAGE CODE | |
| Language code of text/sound track or separate title | eng |
| 110 2# - MAIN ENTRY--CORPORATE NAME | |
| Corporate name or jurisdiction name as entry element | Maritiem Museum Prins Hendrik |
| 245 00 - TITLE STATEMENT | |
| Title | Gerard Mercator's map of the world 1569 |
| Remainder of title | in the form of an atlas in the Maritiem Museum 'Prins Hendrik' at Rotterdam |
| Medium | [cartographic material] |
| 255 ## - CARTOGRAPHIC MATHEMATICAL DATA | |
| Statement of scale | Scale not given |
| 260 ## - PUBLICATION, DISTRIBUTION, ETC. | |
| Place of publication, distribution, etc. | Rotterdam |
| Name of publisher, distributor, etc. | Maritiem Museum 'Prins Hendrik' |
| Place of publication, distribution, etc. | The Hague |
| Name of publisher, distributor, etc. | Imago Mundi |
| Date of publication, distribution, etc. | 1961 |
| 300 ## - PHYSICAL DESCRIPTION | |
| Extent | 1 map on 14 sheets |
| Other physical details | in folder |
| Dimensions | 53 x 69 cm. + |
| Accompanying material | 1 v. (69 p. ; 29cm.) |
| 500 ## - GENERAL NOTE | |
| General note | Item consists of a reproduction of Gerard Mercator's Map of the World (1569) and an accompanying booklet. |
| 500 ## - GENERAL NOTE | |
| General note | From title page of accompanying booklet: 'Reproduced on the scale of the original and issues by the Maritiem Museum "Prins Hendrik" and the editors of Imago Mundi with an introduction by B. Van 'T Hoff'. |
| 500 ## - GENERAL NOTE | |
| General note | From title page of accompanying booklet: 'Publicaties van het Maritiem Museum "Prins Hendrik" no. 6. Supplement no. 2 to "Imago Mundi"'. |
| 651 4# - SUBJECT ADDED ENTRY--GEOGRAPHIC NAME | |
| Geographic name | International |
| 690 ## - LOCAL SUBJECT ADDED ENTRY--TOPICAL TERM (OCLC, RLIN) | |
| Topical term or geographic name as entry element | ENVIRONMENTAL AND LAND CONSULTANCY-GEOMATICS-MAPPING AND POSITIONING-CARTOGRAPHY |
| 700 1# - ADDED ENTRY--PERSONAL NAME | |
| Personal name | Mercator, Gerard |
| 942 ## - ADDED ENTRY ELEMENTS (KOHA) | |
| Suppress in OPAC | 0 |
| Withdrawn status | Lost status | Source of classification or shelving scheme | Damaged status | Not for loan | Home library | Current library | Shelving location | Date acquired | Total Checkouts | Full call number | Barcode | Date last seen | Copy number | Price effective from | Koha item type |
|---|---|---|---|---|---|---|---|---|---|---|---|---|---|---|---|
| Dewey Decimal Classification | Historic collection | Historic collection | Historic collection | 18/09/2007 | MAP CABINET DRAWER 9 | 140319-2001 | 06/08/2019 | 1 | 06/08/2019 | Archive |